000 00516nam a2200169Ia 4500
008 240729s9999 xx 000 0 und d
022 _a2539-5742
245 0 _aSuan Sunandha Rajabhat University Journal of Science and Technology
260 _aThailand
260 _bSuan Sunandha Rajabhat University
650 _a Science (General)
650 _a Technology (General) | Science
650 _aTechnology
856 _uhttps://doaj.org/toc/f4f8ce816ee64921bee532fb8ab0c0d8
942 _2ddc
942 _cDOAJEJ
999 _c66855
_d66855
945 _a1
_bMadushi Gamage
_c1
_dMadushi Gamage